LEADER 01878nam2 22003973i 450 001 CFI0081582 005 20231121125434.0 010 $a8815005315 020 $aIT$b84-9734 100 $a20060616d1984 ||||0itac50 ba 101 | $aita 102 $ait 181 1$6z01$ai $bxxxe 182 1$6z01$an 200 1 $a˜[1]: La œricostruzione: 1944-1951$fEgidio Ortona 210 $aBologna$cIl mulino$d[1984] 215 $a447 p.$d22 cm 300 $aCon appendice di documenti 461 1$1001CFI0024632$12001 $aAnni d'America$fEgidio Ortona$v1 606 $aStati Uniti d'America -Relazioni con l'Italia -1944-1951$2FIR$3RMLC379552$9I 606 $aItalia e Stati Uniti d'America -1944-1951$2FIR$3RMLC379553$9I 676 $a327.45073$9$v21 700 1$aOrtona$b, Egidio$3CFIV050780$4070$0133003 801 3$aIT$bIT-01$c20060616 850 $aIT-RM0289 $aIT-RM0542 $aIT-RM1248 $aIT-FR0084 $aIT-RM0460 $aIT-FR0017 899 $aBiblioteca Statale A. Baldini$bRM0289 $eN 899 $aBIBLIOTECA DEL MINISTERO DEGLI AFFARI ESTERI$bRM0542 899 $aBiblioteca Della Fondazione Pietro Nenni$bRM1248 899 $aBiblioteca Del Monumento Nazionale Di Montecassino$bFR0084 899 $aBiblioteca Dell' Archivio Centrale Dello Stato$bRM0460 899 $aBiblioteca umanistica Giorgio Aprea$bFR0017 912 $aCFI0081582 950 2$aBiblioteca umanistica Giorgio Aprea$d 52DES 327 Ort.Ann.1$e 52SBA0000148205 VMB RS $fA $h20130312$i20130312$d 52CIS 10/204.1$e 52VM 0000177205 VM barcode:00047727. - Inventario:23018 FLSVM$fA $h20020910$i20121204 977 $a 04$a 09$a 23$a 25$a 27$a 52 996 $aRicostruzione: 1944-1951$93604792 997 $aUNICAS